MDQL
is popping MORE tags! Check the
thread
!
Quizzes
Events
Quiz Creation
Community
Videos
Private Events
Remove Ads
Sign In
Join for FREE
Feedback
Dark Mode
Quiz Categories
Sports
Geography
Music
Movies
Television
Just For Fun
Miscellaneous
History
Literature
Language
Science
Gaming
Entertainment
Religion
Holiday
For Kids
Quiz Lab
Recent
Popular Today
Quiz Kudos Today
Editor Picks
Curator Picks
Quizzes by...
Day
Popularity
Type
Ratings
Length
Year
Community
Subscriptions
Recent Discussions
Orange Saloon
Badges
Playlists
Quests
Create
Leaderboards
Showdown
Live 5
Trivia Bingo
Activity
Puzzle Library
Sporcle Events
Private Events
Virtual Trivia
Globe League
Become a Host
Pub Owners
SporcleCon
Opinionation
Our Games
Videos
Blog
Mobile Apps
Partnerships
Remove Ads and Go Orange
Feedback
Gaming
Video Games
Board Games
Card Games
Pokémon
Mario
Nintendo
Minecraft
Console
Toys
Legend of Zelda
Gaming
Video Games
Board Games
Card Games
Pokémon
Mario
Nintendo
Minecraft
Console
Toys
Legend of Zelda
Random Quiz
Search Sporcle
×
Quiz Lab
Quiz Lab
Gaming
Video Games
Type in answers that appear in a list
Type in answers that appear in a list
Classic
Best Score? Go Orange.
Pokemon Gym Leaders and Elite Four Stats
Can you name the Pokemon Gym Leaders, Elite Four, and Champions?
By
amuseing
12m
90 Questions
600 Plays
600 Plays
600 Plays
Comments
Comments
Give Quiz Kudos
Give Quiz Kudos
-
- Ratings
hide this ad
More Info
Replay
Link that replays current quiz
Next Quiz
Link to next quiz in quiz playlist
You Got
0%
They Got
Avg Score
80%
Avg Friend Score
Upgrade to see
Score Distribution
Jump to the score distribution portion of the page
Score
0/90
Timer
12:00
0
Plays Today
Hint
Answer
% Correct
Kanto
Brock
98.7%
Kanto
Misty
98.3%
Kanto
Lt. Surge
95%
Kanto
Koga
94.5%
Johto
Koga
94.5%
Kanto
Erika
93.5%
Kanto
Blue
93.2%
Kanto
Blue
93.2%
Kanto
Giovanni
92.3%
Kanto
Lance
92.2%
Johto
Lance
92.2%
Kanto
Blaine
91.8%
Kanto
Sabrina
90.2%
Kanto
Bruno
89%
Kanto
Agatha
89%
Johto
Bruno
89%
Hoenn
Wallace
88.6%
Hoenn
Wallace
88.6%
Johto
Bugsy
87.6%
Johto
Falkner
87.3%
Johto
Clair
87.3%
Hoenn
Norman
87%
Kanto
Janine
86.8%
Johto
Whitney
86.5%
Hoenn
Roxanne
86.5%
Hoenn
Flannery
86.5%
Hoenn
Steven
86.3%
Johto
Jasmine
86%
Hoenn
Brawly
85.6%
Johto
Morty
85.3%
Hint
Answer
% Correct
Hoenn
Liza
85.1%
Unova
Iris
85%
Unova
Iris
85%
Sinnoh
Cynthia
85%
Hoenn
Tate
84.8%
Hoenn
Wattson
84.3%
Kanto
Lorelei
83.8%
Hoenn
Winona
83.5%
Hoenn
Juan
83.5%
Johto
Chuck
83.1%
Johto
Pryce
82.3%
Sinnoh
Roark
82.1%
Hoenn
Drake
82%
Sinnoh
Crasher Wake
80.3%
Sinnoh
Volkner
80.3%
Unova
Chili
80.3%
Unova
Cress
80.3%
Johto
Karen
80.1%
Unova
Cilan
80%
Johto
Will
80%
Sinnoh
Gardenia
79.1%
Sinnoh
Candice
79.1%
Unova
Cheren
79%
Unova
Drayden
78.6%
Unova
Elesa
78%
Hoenn
Phoebe
78%
Sinnoh
Fantina
77.5%
Unova
Skyla
77.5%
Hoenn
Sidney
77.5%
Unova
Burgh
77%
Hint
Answer
% Correct
Unova
Clay
76.8%
Sinnoh
Flint
76.8%
Unova
Alder
76.6%
Sinnoh
Maylene
76.5%
Unova
Roxie
76%
Unova
Brycen
75.5%
Unova
Lenora
75.3%
Hoenn
Glacia
75.1%
Sinnoh
Aaron
74.3%
Sinnoh
Byron
74.1%
Kalos
Diantha
74.1%
Sinnoh
Bertha
72.5%
Unova
Marlon
71.8%
Kalos
Viola
71.5%
Kalos
Clemont
71.5%
Kalos
Wulfric
70.5%
Sinnoh
Lucian
68.9%
Kalos
Olympia
68.4%
Kalos
Korrina
68.3%
Unova
Grimsley
67.9%
Kalos
Grant
66.9%
Kalos
Ramos
66.6%
Unova
Shauntal
66.6%
Unova
Marshal
66.3%
Kalos
Valerie
65.9%
Unova
Caitlin
64.6%
Kalos
Malva
63.3%
Kalos
Siebold
61.3%
Kalos
Wikstrom
60.1%
Kalos
Drasna
60.1%
Quiz Playlist
Details
Report
Send in Message
Add To Playlist
More Info:
Abbreviations: (RBY)=Red,Blue,Yellow; (GSC)=Gold,Silver,Crystal; (RS)=Ruby,Sapphire; (E)=Emerald; (B)=Black; (W)=White; (B2W2)=Black2,White2
Classic:
Type in answers that appear in a list
Quiz Source
Last Updated: Feb 16, 2017
Quiz Scoreboard
CHALLENGE
Sign Up to Join the Scoreboard
Show All
Scores
Hide
Comments
May contain spoilers
Recently Published
1-10 Letter E Words III
by El_Dandy
Language
2m
Street Fighter Characters
by Artimus82
Gaming
60s
College Basketball Coaching Resumes
by pancakes188
Sports
9m
More to Explore
Quiz From the Vault
Featured Blog Post
Where Did the Easter Bunny Come From?
hide this ad
You Might Also Like...
Tags
Nintendo Quiz
Pokémon Quiz
Video Games Quiz
champion
Elite Four
Gym Leader
Gym Leaders
Video Game Characters
Today's Top Quizzes in Gaming
Browse Gaming
hide this ad
Today's Top Quizzes in Video Games
Browse Video Games
Top Contributed Quizzes in Gaming
1
5-to-1: Consoles
2
7-to-1: Board Game Piece Blitz
3
5-to-1: Legend of Zelda
4
League of Legends Pro Players by Career/Team History
5
Destiny 2 exotic weapons by perk icons
6
Ultimate Genshin Impact Logic Puzzle (up to 4.3)
7
Quick Pick: Video Games Lost in Translation
8
Franchise by Action Figure
9
Who's on the WWE 2K24 Cover?
10
Genshin Impact Logic Puzzle Quiz
Explore More
Trending Topics
Crossword
Harry Potter
Marvel
NBA
Kpop
Anime
Disney
Country
The Office
Pokémon
Song
WWE
Soccer
Puzzle
NFL
hide this ad
More By:
amuseing
Quiz
Plays
Rating
Category
Featured
Created
Word Ladder: Van Halen
11,681
4.66
Just For Fun
Oct 7, 2013
Pokemon Gym Leaders and Elite Four
600
3.33
Gaming
Apr 27, 2014
Word Ladder: Guns N' Roses
557
4.50
Music
Oct 12, 2014
Mike Sillinger's NHL Teams (Clickable)
267
4.50
Sports
Apr 23, 2014
2014 Stanley Cup Finals
235
5.00
Sports
Jul 8, 2014
Go to Creator's Profile
Score Distribution
Quiz Creator Spotlight
amuseing
Follow
Send a Message
Quizzes Created
-
Created Quiz Play Count
-
More By This Creator
Popular Quizzes Today
1
Find the US States - No Outlines Minefield
2
Find the Countries of Europe - No Outlines Minefield
3
The Countries of the World
4
Find the US States
5
Risky Map Clicking: Biggest States A-Z
6
US States
7
Popular People in 1961
8
Movies - When Are They Set?
More Gaming Quizzes
Vowel-less Minecraft Blocks
Curator's Pick
Trending Quizzes
Risky Map Clicking: Least Populous States A-Z
1-10 Letter G Words
1-10 Letter F Words
Countries of the World: 200 Million BC
Risky Map Clicking: Next State Alphabetically
Recently Updated
Beyoncé Albums
pecheneg
Leaping Animals
pecheneg
Reality TV Shows (A-Z)
bhenderson79
Rickey Henderson's Hall of Fame Teammates
pecheneg
Champions League XIs: Arsenal
pecheneg
Quick Pick: Celebrities in WWE's Hall of Fame
aduchscher
A-Z Keypad Blitz II
pecheneg
Multiple Oscar Actors
pecheneg
Mystery Phrase Blitz: Oscar 'Best Actors'
pecheneg
F. Scott Fitzgerald Novels
LTH
Trending Topics
Kpop
NBA
Harry Potter
Marvel
Disney
Anime
Crossword
The Office
Country
Soccer
NFL
WWE
Pokémon
Song
Puzzle
Your Account Isn't Verified!
In order to create a playlist on Sporcle, you need to verify the email address you used during registration. Go to your
Sporcle Settings
to finish the process.
Report this User
Report this user for behavior that violates our
Community Guidelines
.
Details:
Send Report
Go to the Sporcle.com Mobile Site →
Comments